Fraude en la elección de Pastrana Borrero / (Registro nro. 7166)
[ vista simple ]
| 000 -LEADER | |
|---|---|
| fixed length control field | 01133nam a22002417a 4500 |
| 003 - CONTROL NUMBER IDENTIFIER | |
| control field | OSt |
| 005 - DATE AND TIME OF LATEST TRANSACTION | |
| control field | 20210211143909.0 |
| 008 - FIXED-LENGTH DATA ELEMENTS--GENERAL INFORMATION | |
| fixed length control field | 210211s1998 ck o||gr|||| 00| 0 spa d |
| 020 ## - INTERNATIONAL STANDARD BOOK NUMBER | |
| International Standard Book Number | 8482802523 |
| 040 ## - CATALOGING SOURCE | |
| Original cataloging agency | CO-JMCR |
| Transcribing agency | CO-JMCR |
| 041 0# - LANGUAGE CODE | |
| Language code of text/sound track or separate title | spa |
| 082 04 - DEWEY DECIMAL CLASSIFICATION NUMBER | |
| Classification number | 324.6609861 / |
| Item number | N841F |
| Edition number | 23 |
| 100 1# - MAIN ENTRY--PERSONAL NAME | |
| Personal name | Noriega, Carlos Augusto, |
| Relator term | autor |
| 9 (RLIN) | 13338 |
| 245 10 - TITLE STATEMENT | |
| Title | Fraude en la elección de Pastrana Borrero / |
| Statement of responsibility, etc. | Carlos Augusto Noriega |
| 250 ## - EDITION STATEMENT | |
| Edition statement | 1ª. edición |
| 260 ## - PUBLICATION, DISTRIBUTION, ETC. | |
| Place of publication, distribution, etc. | Bogotá |
| Name of publisher, distributor, etc. | Oveja Negra, |
| Date of publication, distribution, etc. | 1998 |
| 300 ## - PHYSICAL DESCRIPTION | |
| Extent | 255 páginas : |
| Other physical details | ilustraciones, fotografías en blanco y negro ; |
| Dimensions | 21 cm. |
| 505 0# - FORMATTED CONTENTS NOTE | |
| Formatted contents note | 1968: La renuncia del Presidente Lleras -- Escenario perfecto para la revolución -- Estalla el debate Fadul y Peñalosa -- La convención derrota a pastrana -- Pánico en las filas frentenacionalistas -- La noche del 19 de abril -- Rojas reclama el triunfo -- La cuestión de fondo: hubo fraude -- La prensa frente al fraude -- Poe eso sestamos como estamos |
| 650 14 - SUBJECT ADDED ENTRY--TOPICAL TERM | |
| Topical term or geographic name entry element | Pastrana Borrero, Misael, |
| 9 (RLIN) | 13339 |
| 650 14 - SUBJECT ADDED ENTRY--TOPICAL TERM | |
| Topical term or geographic name entry element | Política y gobierno |
| 9 (RLIN) | 13340 |
| 650 14 - SUBJECT ADDED ENTRY--TOPICAL TERM | |
| Topical term or geographic name entry element | Elecciones |
| General subdivision | Prácticas corruptas |
| 9 (RLIN) | 13341 |
| 942 ## - ADDED ENTRY ELEMENTS (KOHA) | |
| Source of classification or shelving scheme | Dewey Decimal Classification |
| Koha item type | Books |
| Withdrawn status | Lost status | Source of classification or shelving scheme | Damaged status | Not for loan | Home library | Current library | Shelving location | Date acquired | Source of acquisition | Total Checkouts | Full call number | Barcode | Date last seen | Date last checked out | Copy number | Price effective from | Koha item type |
|---|---|---|---|---|---|---|---|---|---|---|---|---|---|---|---|---|---|
| Dewey Decimal Classification | Biblioteca Pública José María del Castillo y Rada | Biblioteca Pública José María del Castillo y Rada | General Stacks | 10/02/2020 | Donación | 2 | 324.6609861 / N841F | 201810416 | 09/08/2025 | 09/05/2025 | Ej.1 | 10/02/2020 | Books |